000 00974nas1a22002411i 4500
001 v19\rc\2071157
005 20260407083302.0
035 _a(NLR Aleph) 005166568
090 _a5032387
_c5032387
100 _a20081218b1915 |||y0rusy50 ca
101 0 _arus
102 _aRU
105 _ay z |||||
200 1 _aТруды студентов Московской духовной академии
_eВып. 1-2
210 _aСергиев Посад
_d1915
311 _aОтт. из "Богословского вестника" за 1915 г.
488 0 _12001#$aБогословский вестник$v1915
_tБогословский вестник
710 0 2 _aМосковская духовная академия
_3RU\NLR\AUTH\8810082
_9292710
801 0 _aRU
_bNLR
_gpsbo
801 1 _aRU
_bProSoft-M
_2rusmarc
830 _aПолное описание см. в каталоге периодических изданий
852 _aNLR
_j38.69.1.134
942 _cSE